000 00857cab a2200301 4500
001 ABS56820
008 090401t1997 xxu||||| |||| 00| 0 eng d
035 _a(Sirsi) u78016
041 _aeng
245 _aFocus `97: M4: London to Maidenhead
260 _c1997
350 _a0
490 _aEstates Gazette
_v(9716) 19 April 1997, 91-115(14)
650 _aBAA
650 _aBRENTFORD
650 _aHAMMERSMITH
650 _aHEATHROW
650 _aINDUSTRIAL MARKET
650 _aM4 CORRIDOR
650 _aMAIDENHEAD
650 _aPROPERTY-COMMERCIAL PROPERTY-OFFICE PROPERTY-OFFICE PROPERTY MARKET
650 _aPROPERTY-COMMERCIAL PROPERTY-RETAIL PROPERTY-RETAIL PROPERTY MARKET
650 _aSLOUGH
650 _aWINDSOR
690 _aPROPERTY-COMMERCIAL PROPERTY-COMMERCIAL PROPERTY MARKET
942 _n0
948 _c28/04/1997
999 _c49073
_d49073